Word Ladder: Seinfeldisms Quiz Stats

 Plays Quiz Updated Mar 3, 2019

Score 0/22 Timer 02:30
1 Play Today
Hint Word % Correct
♦ Kramer's line: 'These pretzels ___ making me thirsty.' ♦♦ARE♦
97.5%
♦ Soup Nazi's decree: 'No soup ___ you!' ♦♦FOR♦
95.4%
A vote in favorAYE
94%
♦ Socially unacceptable chip strategy: The Double ___♦DIP♦
93.4%
ExpireDIE
92.7%
Decorate Easter eggsDYE
92.4%
A little jumpHOP
92%
A ball and socket jointHIP
90.8%
Supporter of a teamFAN
90.6%
Cardboard cubeBOX
88.9%
Out of the wayFAR
88.4%
Hint Word % Correct
Negative conjunctionNOR
87.7%
♦ One with a compromised immune system: Bubble ___♦BOY♦
86.4%
Fishy bagel topperLOX
82.5%
♦ Major turn-off for Jerry: ___ hands ♦♦MAN♦
82.4%
♦ George's Alias: ___ Vandelay ♦♦ART♦
81.4%
Tussaud's mediumWAX
80.7%
Today in TijuanaHOY
80.2%
♦ Frank Costanza's mantra: 'Serenity ___!' ♦♦NOW♦
79.9%
♦ Shrinkage excuse: 'I ___ in the pool!' ♦♦WAS♦
79.8%
The upper limitMAX
77.2%
♦ Someone with volume issues in speech: ___ talker ♦♦LOW♦
75.5%

Today's Daily Dose

You're not logged in!

Compare scores with friends on all Sporcle quizzes.
OR
Log In

Show Comments

Extras

Top Quizzes Today


Score Distribution

Your Account Isn't Verified!

In order to create a playlist on Sporcle, you need to verify the email address you used during registration. Go to your Sporcle Settings to finish the process.

Report this User

Report this user for behavior that violates our Community Guidelines.

Details: